| 000 | 01027nam a2200325Ia 4500 | ||
|---|---|---|---|
| 001 | Para_7152 | ||
| 003 | CHAP | ||
| 008 | 220125s1941 xx 000 0 und d | ||
| 010 | _a206038 | ||
| 040 | _cCHAP | ||
| 082 | _aPA-C 631.5 B85 | ||
| 100 |
_aMattehews, E. M. _9172186 |
||
| 245 |
_aExperiments on flue-cured tobacco / _c by E. M. Mattehews and T. B. Hutcheson |
||
| 260 |
_aBlacksburg : _b Virginia Polytechnic Institute. Virginia Agricultural Experiment Station |
||
| 300 | _a30 p. | ||
| 440 |
_aBulletin ; 329 _9172187 |
||
| 500 | _aEnc. con impresos similares | ||
| 650 |
_aCultivos _x colecciones de escritos _9171208 |
||
| 650 |
_aFertilizantes _x efecto en tabaco _940554 |
||
| 650 |
_aTabaco _x investigación _9111224 |
||
| 650 |
_aTabaco _x Suelos _9172188 |
||
| 700 |
_aHutcheson, T. B. _9172189 |
||
| 901 | _aPA-C 631.5 B85 | ||
| 902 | _aA | ||
| 905 | _a0000001941 a 0000000000 00 | ||
| 910 | _a1941 | ||
| 942 | _cPARA | ||
| 942 |
_cPARA _d1 |
||
| 999 |
_c206038 _d206038 |
||